| 000 | 00369nam a2200121Ia 4500 | ||
|---|---|---|---|
| 005 | 20251222143252.0 | ||
| 008 | 251222s9999||||xx |||||||||||||| ||spa|| | ||
| 082 | _a333.9/G96 | ||
| 100 | _aGutiérrez Aparicio, Luis | ||
| 245 | 0 | _aLa Actividad Empresarial del Estado en la Comercialización Agropecuaria en el Perú | |
| 264 | _bFundación Friedrich Ebert | ||
| 942 | _cLIB | ||
| 999 |
_c14991 _d14991 |
||